| 000 | 01292nam a2200349Ia 4500 | ||
|---|---|---|---|
| 001 | ebr10171008 | ||
| 003 | CaPaEBR | ||
| 006 | m u | ||
| 007 | cr cn||||||||| | ||
| 008 | 070531s2007 enka sb 001 0 eng d | ||
| 010 | _z 2007297583 | ||
| 020 | _z9780191518058 | ||
| 020 | _z0192853457 (pbk.) | ||
| 020 | _z9780192853455 (pbk.) | ||
| 040 |
_aCaPaEBR _cCaPaEBR |
||
| 035 | _a(OCoLC)137239067 | ||
| 050 | 1 | 4 |
_aHB171 _b.D26 2007eb |
| 082 | 0 | 4 |
_a330 _222 |
| 100 | 1 | _aDasgupta, Partha. | |
| 245 | 1 | 0 |
_aEconomics _h[electronic resource] : _ba very short introduction / _cPartha Dasgupta. |
| 260 |
_aOxford ; _aNew York : _bOxford University Press, _c2007. |
||
| 300 |
_a172 p. : _bill. |
||
| 490 | 1 |
_aVery short introductions ; _v156 |
|
| 504 | _aIncludes bibliographical references and index. | ||
| 533 |
_aElectronic reproduction. _bPalo Alto, Calif. : _cebrary, _d2009. _nAvailable via World Wide Web. _nAccess may be limited to ebrary affiliated libraries. |
||
| 650 | 0 | _aEconomics. | |
| 650 | 0 | _aSocial sciences. | |
| 655 | 7 |
_aElectronic books. _2local |
|
| 710 | 2 | _aebrary, Inc. | |
| 830 | 0 |
_aVery short introductions ; _v156. |
|
| 856 | 4 | 0 |
_uhttp://site.ebrary.com/lib/rucke/Doc?id=10171008 _zAn electronic book accessible through the World Wide Web; click to view |
| 999 |
_c139730 _d139730 |
||